[Event "Werner-Ott-Open Kreuzberger Sommer 2016"]
[Site "Berlin"]
[Date "2016.07.24"]
[Round "9.8"]
[White "Heerde, Thomas"]
[Black "Gebigke, Martin"]
[Result "1-0"]
[WhiteElo "2022"]
[BlackElo "2093"]
[PlyCount "87"]
[EventDate "2016.07.??"]
[EventType "swiss"]
[EventRounds "9"]
[EventCountry "GER"]
[Source "SC Kreuzberg/AL"]
[SourceDate "2016.07.24"]
[WhiteTeam "SC Weisse Dame"]
[BlackTeam "SC Kreuzberg"]
[WhiteTeamCountry "GER"]
[BlackTeamCountry "GER"]

1. e4 c5 2. Nc3 Nc6 3. f4 g6 4. Nf3 Bg7 5. Bb5 Nd4 6. O-O Nxb5 7. Nxb5 d5 8.
exd5 a6 9. Nc3 Nf6 10. d4 c4 11. Qe2 Nxd5 12. Qxc4 Nxc3 13. Qxc3 Bf5 14. Qd2
Rc8 15. c3 O-O 16. Re1 Rc7 17. Qe2 Qd5 18. Ne5 b5 19. Be3 f6 20. Nd3 a5 21. Nc5
Qc6 22. a4 Rb8 23. b4 axb4 24. cxb4 Rcc8 25. a5 h5 26. a6 Ra8 27. Bf2 Bf8 28.
Qa2+ Kg7 29. d5 Qd6 30. g3 Rc7 31. Qa5 e5 32. fxe5 fxe5 33. Rad1 Re7 34. Qxb5
Rb8 35. Qc4 Kh7 36. Nb7 Rexb7 37. axb7 Rxb7 38. Bc5 Qc7 39. d6 Qc6 40. Rxe5 Rd7
41. Qd5 Qb5 42. Re8 Bg7 43. h4 Bg4 44. Rde1 1-0

[Event "Werner-Ott-Open Kreuzberger Sommer 2016"]
[Site "Berlin"]
[Date "2016.07.24"]
[Round "9.9"]
[White "Hannebauer, Torsten"]
[Black "Zschaebitz, Klaus"]
[Result "1-0"]
[WhiteElo "2022"]
[BlackElo "2005"]
[PlyCount "91"]
[EventDate "2016.07.??"]
[EventType "swiss"]
[EventRounds "9"]
[EventCountry "GER"]
[Source "SC Kreuzberg/AL"]
[SourceDate "2016.07.24"]
[WhiteTeam "TSG Oberschoeneweide"]
[BlackTeam "BSG 1827 Eckbauer"]
[WhiteTeamCountry "GER"]
[BlackTeamCountry "GER"]

1. e4 e6 2. d4 d5 3. Bd3 c5 4. exd5 exd5 5. Nf3 Nc6 6. O-O Nf6 7. Re1+ Be7 8.
Bg5 O-O 9. dxc5 Bxc5 10. Nbd2 Bg4 11. Nb3 Bb6 12. c3 h6 13. Bh4 g5 14. Bg3 Nh5
15. Bc2 Nxg3 16. hxg3 Bh5 17. g4 Bxg4 18. Qd3 f5 19. Re6 Kg7 20. Rae1 Rf7 21.
Nbd4 Rc8 22. a3 Qf8 23. Bb3 Bxf3 24. Nxf3 Qc5 25. R1e2 Rd8 26. Nxg5 hxg5 27.
Qg3 g4 28. Qh4 Qf8 29. Qh5 Bxf2+ 30. Kf1 Rd6 31. Qh6+ Kg8 32. Rxd6 Qxh6 33.
Rxh6 Kg7 34. Ree6 Bg3 35. Reg6+ Kf8 36. Rh8+ Ke7 37. Bxd5 Rf6 38. Rxf6 Kxf6 39.
Bxc6 bxc6 40. Ra8 Ke6 41. Ke2 Kd5 42. Rxa7 Kc4 43. Rb7 Bh4 44. a4 Bd8 45. Rb4+
Kc5 46. Rf4 1-0

[Event "Werner-Ott-Open Kreuzberger Sommer 2016"]
[Site "Berlin"]
[Date "2016.07.24"]
[Round "9.10"]
[White "Bjarnehag, Peter"]
[Black "Kutschke, Jens"]
[Result "1-0"]
[WhiteElo "2111"]
[BlackElo "1938"]
[PlyCount "51"]
[EventDate "2016.07.??"]
[EventType "swiss"]
[EventRounds "9"]
[EventCountry "GER"]
[Source "SC Kreuzberg/AL"]
[SourceDate "2016.07.24"]
[WhiteTeam "Solna Schacksaellskap"]
[BlackTeam "SF Berlin 1903"]
[WhiteTeamCountry "SWE"]
[BlackTeamCountry "GER"]

1. Nf3 Nf6 2. c4 g6 3. Nc3 d5 4. cxd5 Nxd5 5. Qa4+ Bd7 6. Qb3 Nb6 7. d4 Be6 8.
Qd1 Bg7 9. e4 O-O 10. Be3 f5 11. Ng5 Qc8 12. g3 fxe4 13. Bg2 c5 14. dxc5 Nc4
15. O-O Nxb2 16. Qc2 Nc4 17. Bxe4 Nxe3 18. fxe3 Rxf1+ 19. Rxf1 Bc4 20. Bd5+
Bxd5 21. Nxd5 Nc6 22. Nxe7+ Nxe7 23. Qb3+ Kh8 24. Nf7+ Kg8 25. Nd6+ Kh8 26.
Nxc8 1-0

[Event "Werner-Ott-Open Kreuzberger Sommer 2016"]
[Site "Berlin"]
[Date "2016.07.24"]
[Round "9.11"]
[White "Zahn, Benno"]
[Black "Huebscher, Joachim"]
[Result "1-0"]
[WhiteElo "2060"]
[BlackElo "1727"]
[PlyCount "43"]
[EventDate "2016.07.??"]
[EventType "swiss"]
[EventRounds "9"]
[EventCountry "GER"]
[Source "SC Kreuzberg/AL"]
[SourceDate "2016.07.24"]
[WhiteTeam "SV Hellas Nauen"]
[BlackTeam "SC Kreuzberg"]
[WhiteTeamCountry "GER"]
[BlackTeamCountry "GER"]

1. e4 e6 2. d4 d5 3. Nd2 dxe4 4. Nxe4 Nd7 5. Nf3 Ndf6 6. Nxf6+ Nxf6 7. c3 Bd7
8. Ne5 Be7 9. Bd3 c5 10. dxc5 Bxc5 11. O-O Qc7 12. Nxd7 Qxd7 13. Qe2 a6 14. Rd1
Qc7 15. Bg5 Bd6 16. g3 O-O-O 17. c4 Kb8 18. Rac1 Qc5 19. Be3 Qh5 20. Qxh5 Nxh5
21. Be2 Nf6 22. Rxd6 1-0

[Event "Werner-Ott-Open Kreuzberger Sommer 2016"]
[Site "Berlin"]
[Date "2016.07.24"]
[Round "9.12"]
[White "Hahlbohm, Matthias"]
[Black "Sulayev, Daniel"]
[Result "1/2-1/2"]
[WhiteElo "2009"]
[BlackElo "1813"]
[PlyCount "79"]
[EventDate "2016.07.??"]
[EventType "swiss"]
[EventRounds "9"]
[EventCountry "GER"]
[Source "SC Kreuzberg/AL"]
[SourceDate "2016.07.24"]
[WhiteTeam "TSG Oberschoeneweide"]
[BlackTeam "Schachpinguine Berlin"]
[WhiteTeamCountry "GER"]
[BlackTeamCountry "GER"]

1. e4 c5 2. Nf3 Nc6 3. c3 Nf6 4. Bd3 d5 5. e5 Ng4 6. Qe2 Qc7 7. Bb5 a6 8. Bxc6+
Qxc6 9. O-O Nh6 10. h3 e6 11. d4 Nf5 12. g4 Ne7 13. Be3 b6 14. Rc1 Bb7 15. Nbd2
Ng6 16. Nf1 Be7 {(=)} 17. Ng3 c4 18. Nh5 Rg8 19. Bg5 Bxg5 20. Nxg5 h6 21. Nf3
O-O-O 22. Nd2 Kb8 23. Kh2 Nf8 24. f4 Nd7 25. Nf3 Rdf8 26. Rf1 Ka7 27. Rae1 Qc7
28. Kh1 g6 29. Ng3 Nb8 30. Rg1 f5 31. gxf5 exf5 32. Nf1 Nc6 33. Ne3 Nd8 34. Qh2
Ne6 35. h4 Qe7 36. Ref1 Qd8 {(=)} 37. Ng2 Qe7 38. Nfe1 Rh8 39. Nf3 Rhg8 40.
Nfe1 {(=)} 1/2-1/2

[Event "Werner-Ott-Open Kreuzberger Sommer 2016"]
[Site "Berlin"]
[Date "2016.07.24"]
[Round "9.13"]
[White "Schmidt, Fabian"]
[Black "Welz, Peter"]
[Result "0-1"]
[WhiteElo "1594"]
[BlackElo "2044"]
[PlyCount "96"]
[EventDate "2016.07.??"]
[EventType "swiss"]
[EventRounds "9"]
[EventCountry "GER"]
[Source "SC Kreuzberg/AL"]
[SourceDate "2016.07.24"]
[WhiteTeam "SV Koenigsjaeger Sued-West"]
[BlackTeam "SV Empor Berlin"]
[WhiteTeamCountry "GER"]
[BlackTeamCountry "GER"]

1. e4 e6 2. d4 d5 3. Nc3 Bb4 4. exd5 exd5 5. Bd3 Nf6 6. Nge2 c6 7. O-O Bd6 8.
Bf4 O-O 9. Bxd6 Qxd6 10. Ng3 Qf4 11. Nh5 Nxh5 12. Qxh5 g6 13. Ne2 Qf6 14. Qh6
Qg7 15. Qh4 Nd7 16. c3 Re8 17. Rfe1 Nf8 18. Qf4 Ne6 19. Qd2 Bd7 20. Ng3 h5 21.
h3 h4 22. Nf1 Qf6 23. Ne3 Ng5 24. Ng4 Bxg4 25. hxg4 h3 26. f4 Ne6 27. g3 c5 28.
dxc5 Nxc5 29. Kh2 Ne4 30. Bxe4 dxe4 31. Re3 Rad8 32. Qc2 Qd6 33. Rae1 f5 34.
gxf5 gxf5 35. Kxh3 Kg7 36. Kg2 Rh8 37. Rh1 Rxh1 38. Kxh1 Rh8+ 39. Kg1 Qh6 40.
Qg2 Qb6 41. Qf2 Kg6 42. Re2 Qa6 43. a3 Qd3 44. Re3 Qd1+ 45. Re1 Qg4 46. Re3 Qh5
47. Kf1 Qd1+ 48. Re1 Rh1+ 0-1

[Event "Werner-Ott-Open Kreuzberger Sommer 2016"]
[Site "Berlin"]
[Date "2016.07.24"]
[Round "9.14"]
[White "Jurkatis, Hagen"]
[Black "Krefenstein, Sergej"]
[Result "1/2-1/2"]
[WhiteElo "1894"]
[BlackElo "2105"]
[PlyCount "31"]
[EventDate "2016.07.??"]
[EventType "swiss"]
[EventRounds "9"]
[EventCountry "GER"]
[Source "SC Kreuzberg/AL"]
[SourceDate "2016.07.24"]
[WhiteTeam "SC Kreuzberg"]
[BlackTeam "TuS Makkabi Berlin"]
[WhiteTeamCountry "GER"]
[BlackTeamCountry "GER"]

1. f4 g6 2. Nf3 Bg7 3. g3 c5 4. d3 d5 5. Bg2 Nc6 6. O-O Nf6 7. Nc3 d4 8. Na4
Qd6 9. e4 Nd7 10. e5 Qc7 11. c4 O-O 12. b3 b6 13. Qe2 f6 14. e6 Ndb8 15. f5 g5
16. Nb2 {(=)} 1/2-1/2

[Event "Werner-Ott-Open Kreuzberger Sommer 2016"]
[Site "Berlin"]
[Date "2016.07.24"]
[Round "9.15"]
[White "Boettcher, Patrick"]
[Black "Scheide, Helmut"]
[Result "1-0"]
[WhiteElo "2094"]
[BlackElo "1878"]
[PlyCount "71"]
[EventDate "2016.07.??"]
[EventType "swiss"]
[EventRounds "9"]
[EventCountry "GER"]
[Source "SC Kreuzberg/AL"]
[SourceDate "2016.07.24"]
[WhiteTeam "SC Zitadelle Spandau"]
[BlackTeam "USV Potsdam"]
[WhiteTeamCountry "GER"]
[BlackTeamCountry "GER"]

1. d4 Nf6 2. c4 e6 3. g3 d5 4. Nf3 b6 5. Bg2 Bb7 6. cxd5 exd5 7. Ne5 Be7 8.
Qa4+ c6 9. Nc3 O-O 10. O-O b5 11. Qc2 Qb6 12. Rd1 Rd8 13. Bg5 h6 14. Bxf6 Bxf6
15. e3 a5 16. Rac1 Bxe5 17. dxe5 Nd7 18. Qf5 Nc5 19. Ne2 Re8 20. Nd4 Rac8 21.
Qc2 Na6 22. f4 c5 23. Nf5 Nb4 24. Qb1 c4 25. Nd6 Qxe3+ 26. Kh1 Nd3 27. Rc2 Nf2+
28. Rxf2 Qxf2 29. Nxb7 c3 30. Rf1 cxb2 31. Rxf2 Rc1+ 32. Rf1 Rxb1 33. Rxb1 Rc8
34. Rxb2 Rc1+ 35. Bf1 Rxf1+ 36. Kg2 1-0

[Event "Werner-Ott-Open Kreuzberger Sommer 2016"]
[Site "Berlin"]
[Date "2016.07.24"]
[Round "9.16"]
[White "Schmalzried, Volker"]
[Black "Shapiro, Yosip"]
[Result "0-1"]
[WhiteElo "1883"]
[BlackElo "1982"]
[PlyCount "74"]
[EventDate "2016.07.??"]
[EventType "swiss"]
[EventRounds "9"]
[EventCountry "GER"]
[Source "SC Kreuzberg/AL"]
[SourceDate "2016.07.24"]
[WhiteTeam "ohne Verein"]
[BlackTeam "SV Berolina Mitte"]
[BlackTeamCountry "GER"]

1. c4 Nf6 2. Nc3 g6 3. d4 Bg7 4. Nf3 O-O 5. e4 d6 6. g3 Nc6 7. Bg2 Bd7 8. O-O
Rb8 9. a3 Na5 10. Nd2 c5 11. d5 Ng4 12. Qc2 Ne5 13. b3 a6 14. a4 b5 15. axb5
axb5 16. cxb5 Bxb5 17. Nxb5 Rxb5 18. Ra3 Qb6 19. Bb2 c4 20. Bxe5 cxb3 21. Nxb3
Nxb3 22. Bxg7 Kxg7 23. Qc3+ Kg8 24. Ra4 Nc5 25. Rc4 Rb3 26. Qc2 f6 27. h4 Ra8
28. Qe2 Raa3 29. Qg4 Kg7 30. h5 Qa7 31. hxg6 hxg6 32. Kh2 Rb8 33. Kg1 Rh8 34.
Rb4 Nd3 35. Rc4 Ne5 36. Qe2 Nxc4 37. Qxc4 Rxg3 0-1

[Event "Werner-Ott-Open Kreuzberger Sommer 2016"]
[Site "Berlin"]
[Date "2016.07.24"]
[Round "9.17"]
[White "Dathe, Frederick"]
[Black "Barath, Madhan"]
[Result "0-1"]
[WhiteElo "1850"]
[BlackElo "2039"]
[PlyCount "62"]
[EventDate "2016.07.??"]
[EventType "swiss"]
[EventRounds "9"]
[EventCountry "GER"]
[Source "SC Kreuzberg/AL"]
[SourceDate "2016.07.24"]
[WhiteTeam "SC Kreuzberg"]
[BlackTeam "SC Zugzwang 95"]
[WhiteTeamCountry "GER"]
[BlackTeamCountry "GER"]

1. Nf3 Nf6 2. c4 e6 3. d4 Bb4+ 4. Bd2 Qe7 5. a3 Bxd2+ 6. Nbxd2 d6 7. e4 e5 8.
d5 O-O 9. Be2 a5 10. Qc2 a4 11. O-O Bg4 12. b4 axb3 13. Nxb3 Bxf3 14. Bxf3 Na6
15. Rfc1 Nd7 16. Bg4 Ndc5 17. Rcb1 Nxb3 18. Rxb3 Nc5 19. Re3 g6 20. Bh3 Ra4 21.
g3 Qg5 22. Rf3 Raa8 23. Kh1 Qh5 24. g4 Qg5 25. Qe2 Ra4 26. Qc2 Qh4 27. Re3 Rfa8
28. Ra2 b5 29. cxb5 Nxe4 30. Rxe4 Qxh3 31. Ra1 Qf3+ 0-1

[Event "Werner-Ott-Open Kreuzberger Sommer 2016"]
[Site "Berlin"]
[Date "2016.07.24"]
[Round "9.18"]
[White "Witte, Ronald"]
[Black "Lindenau, Jorge"]
[Result "1-0"]
[WhiteElo "1928"]
[BlackElo "1937"]
[PlyCount "131"]
[EventDate "2016.07.??"]
[EventType "swiss"]
[EventRounds "9"]
[EventCountry "GER"]
[Source "SC Kreuzberg/AL"]
[SourceDate "2016.07.24"]
[WhiteTeam "BSV 63 Chemie Weissensee"]
[BlackTeam "SC Kreuzberg"]
[WhiteTeamCountry "GER"]
[BlackTeamCountry "GER"]

1. d4 Nf6 2. c4 g6 3. Nf3 Bg7 4. g3 O-O 5. Bg2 c6 6. O-O d5 7. cxd5 cxd5 8. Nc3
Ne4 9. Nxe4 dxe4 10. Ne5 Nd7 11. Bxe4 Nxe5 12. dxe5 Bh3 13. Re1 Qb6 14. Be3
Qxb2 15. Bd4 Qa3 16. Qb3 Qxb3 17. axb3 Rfd8 18. e3 Be6 19. Bxb7 Rab8 20. Rxa7
Rd7 21. Bg2 Rxa7 22. Bxa7 Rxb3 23. Bd4 Rb5 24. f4 Bd5 25. Bxd5 Rxd5 26. Rc1 e6
27. Kg2 Bf8 28. Kf3 h5 29. h3 Rd8 30. Rc7 Bb4 31. Rb7 Ba3 32. Ba7 Kf8 33. Rb8
Rxb8 34. Bxb8 Ke7 35. Ba7 Kd7 36. Ke4 Bb4 37. g4 hxg4 38. hxg4 Ke8 39. Kd4 Bd2
40. Kd3 Bb4 41. e4 Be1 42. f5 gxf5 43. exf5 exf5 44. gxf5 Bh4 45. Ke4 Kd7 46.
Bc5 Bg5 47. Kd5 Bh4 48. Ba3 Bg5 49. Bf8 Ke8 50. Bg7 Ke7 51. Ke4 Bd2 52. Kf3 Bc1
53. Kg4 Be3 54. Kh5 Bd2 55. Bh6 Bc3 56. Bf4 Bd4 57. Kh6 Bc3 58. Kg7 Ke8 59. Kg8
Bd4 60. f6 Bc5 61. Bh6 Bb4 62. e6 fxe6 63. f7+ Kd7 64. Bf8 Bd2 65. Bc5 Bh6 66.
Kh7 1-0

[Event "Werner-Ott-Open Kreuzberger Sommer 2016"]
[Site "Berlin"]
[Date "2016.07.24"]
[Round "9.20"]
[White "Ruether, Marc"]
[Black "Thesing, Ansgar"]
[Result "1-0"]
[WhiteElo "1740"]
[BlackElo "1900"]
[PlyCount "55"]
[EventDate "2016.07.??"]
[EventType "swiss"]
[EventRounds "9"]
[EventCountry "GER"]
[Source "SC Kreuzberg/AL"]
[SourceDate "2016.07.24"]
[WhiteTeam "Queer-Springer SSV Berlin"]
[BlackTeam "SC Kreuzberg"]
[WhiteTeamCountry "GER"]
[BlackTeamCountry "GER"]

1. e4 g6 2. d4 Bg7 3. Nc3 d6 4. Bg5 h6 5. Bh4 c6 6. Qd2 b5 7. a3 Qc7 8. f3 a6
9. Nge2 Bb7 10. g4 Nd7 11. O-O-O Nb6 12. Bg3 Nc4 13. Qd3 Qa5 14. e5 d5 15. e6
b4 16. exf7+ Kxf7 17. Nf4 Nf6 18. Qxg6+ Kg8 19. Ne6 Rh7 20. Bc7 Nb6 21. Bxb6
Qxb6 22. axb4 Qxb4 23. Bd3 Bc8 24. g5 hxg5 25. Nxg5 Rh6 26. Qf7+ Kh8 27. Rhg1
Qxd4 28. Ne6 1-0

[Event "Werner-Ott-Open Kreuzberger Sommer 2016"]
[Site "Berlin"]
[Date "2016.07.16"]
[Round "1.5"]
[White "Johansson, Thomas"]
[Black "Acikel, Mert"]
[Result "1-0"]
[WhiteElo "2222"]
[BlackElo "1819"]
[PlyCount "55"]
[EventDate "2016.07.??"]
[EventRounds "9"]
[EventCountry "GER"]
[Source "SC Kreuzberg/AL"]
[SourceDate "2016.07.24"]
[WhiteTeam "Uppsala ASS"]
[BlackTeam "SV Mattnetz Berlin"]
[WhiteTeamCountry "SWE"]
[BlackTeamCountry "GER"]

1. c4 e6 2. d4 d5 3. Nc3 Nf6 4. Nf3 Be7 5. Bf4 c5 6. dxc5 Bxc5 7. e3 O-O 8. Qc2
Nc6 9. a3 Qe7 10. Rd1 Rd8 11. Bg5 d4 12. Ne4 dxe3 13. Rxd8+ Nxd8 14. fxe3 e5
15. b4 Bb6 16. c5 Bc7 17. Bd3 Ne6 18. Nxf6+ gxf6 19. Bxh7+ Kg7 20. Bh4 Ng5 21.
Nxg5 fxg5 22. Bg3 Qf6 23. Be4 a5 24. b5 Bg4 25. b6 Bxb6 26. cxb6 Rd8 27. Rf1
Qe6 28. Bf5 1-0